Самодействующие клапаны поршневых компрессоров: каталог

Detaylı Bibliyografya
Müşterek Yazar: Центральный институт научно-технической информации и технико-экономических исследований по химическому и нефтяному машиностроению (ЦИНТИХИМНЕФТЕМАШ)
Özet:Исключено из фонда НТБ ТПУ
Dil:Rusça
Baskı/Yayın Bilgisi: Москва, ЦИНТИХИМНЕФТЕМАШ, 1982
Edisyon:3-е изд., испр. и доп.
Materyal Türü: MixedMaterials Kitap
KOHA link:https://koha.lib.tpu.ru/cgi-bin/koha/opac-detail.pl?biblionumber=130300

MARC

LEADER 00000nam0a2200000 4500
001 130300
005 20231031133844.0
035 |a (RuTPU)RU\TPU\book\141121 
035 |a RU\TPU\book\141103 
090 |a 130300 
100 |a 20080201d1982 km y0rusy50 ca 
101 0 |a rus 
102 |a RU 
105 |a a b 000zy 
200 1 |a Самодействующие клапаны поршневых компрессоров   |e каталог  |f Центральный институт научно-технической информации и технико-экономических исследований по химическому и нефтяному машиностроению (ЦИНТИХИМНЕФТЕМАШ) 
205 |a 3-е изд., испр. и доп. 
210 |a Москва  |c ЦИНТИХИМНЕФТЕМАШ  |d 1982 
215 |a 12 с.  |c ил. 
333 |a Исключено из фонда НТБ ТПУ 
712 0 2 |a Центральный институт научно-технической информации и технико-экономических исследований по химическому и нефтяному машиностроению (ЦИНТИХИМНЕФТЕМАШ) 
801 1 |a RU  |b 63413507  |c 20041126  |g PSBO 
801 2 |a RU  |b 63413507  |c 20220620  |g PSBO 
942 |c BK